000
00253nam a2200121Ia 4500
082
_a
615.1
_b
P11S
100
_a
GAUD, R.S.
245
_a
PRACTICAL PHARMACEUTICS
260
_b
CBS- DELHI
300
_a
306
650
_a
PHARMACEUTICS
942
_2
ddc
_c
BK
_0
6
999
_c
7158
_d
7158